书目信息 |
| 题名: |
会计信息质量在资源配置中的作用研究
|
|
| 作者: | 蒋瑜峰 著 | |
| 分册: | ||
| 出版信息: | 北京 人民日报出版社 2015 |
|
| 页数: | 212页 | |
| 开本: | 25cm | |
| 丛书名: | ||
| 单 册: | ||
| 中图分类: | F275.2 | |
| 科图分类: | ||
| 主题词: | 企业管理--会计检查--研究 | |
| 电子资源: | ||
| ISBN: | 978-7-5115-2831-5 | |
| 000 | 00941nam0 2200229 450 | |
| 001 | 338540 | |
| 005 | 20150602095506.23 | |
| 010 | @a978-7-5115-2831-5@b精装@dCNY68.00 | |
| 100 | @a20141024d2014 em y0chiy0110 ea | |
| 101 | 0 | @achi |
| 102 | @aCN@b110000 | |
| 105 | @ay z 000yy | |
| 106 | @ar | |
| 200 | 1 | @a会计信息质量在资源配置中的作用研究@Ahui ji xin xi zhi liang zai zi yuan pei zhi zhong de zuo yong yan jiu@f蒋瑜峰著 |
| 210 | @a北京@c人民日报出版社@d2015 | |
| 215 | @a212页@d25cm | |
| 330 | @a会计信息是一种极为重要的公司信息, 在缓解信息不对称导致的逆向选择和道德风险中发挥了重要作用。本书以信息不对称理论和会计信息理论为基础, 从理论和实证两个方面探讨了会计信息质量对企业负债融资和投资行为的影响, 以期为缓解我国企业融资难, 提高我国企业投资效率提供新的路径。 | |
| 606 | 0 | @a企业管理@x会计检查@x研究 |
| 690 | @aF275.2@v5 | |
| 701 | 0 | @a蒋瑜峰@Ajiang yu feng@4著 |
| 801 | 0 | @aCN@b卓展宏图@c20150525 |
| 905 | @dF275.2@e1207@f4 | |
| 会计信息质量在资源配置中的作用研究/蒋瑜峰著.-北京:人民日报出版社,2015 |
| 212页;25cm |
| ISBN 978-7-5115-2831-5(精装):CNY68.00 |
| 会计信息是一种极为重要的公司信息, 在缓解信息不对称导致的逆向选择和道德风险中发挥了重要作用。本书以信息不对称理论和会计信息理论为基础, 从理论和实证两个方面探讨了会计信息质量对企业负债融资和投资行为的影响, 以期为缓解我国企业融资难, 提高我国企业投资效率提供新的路径。 |
| ● |
| 相关链接 |
|
|
|
|
正题名:会计信息质量在资源配置中的作用研究
索取号:F275.2/1207
 
预约/预借
| 序号 | 登录号 | 条形码 | 馆藏地/架位号 | 状态 | 备注 |
| 1 | 862590 | 208625905 | 第一样本阅览室/ [索取号:F275.2/1207] | 在馆 | |
| 2 | 862591 | 208625914 | 第一借阅区/ [索取号:F275.2/1207] | 在馆 | |
| 3 | 862592 | 208625923 | 第一借阅区/ [索取号:F275.2/1207] | 在馆 | |
| 4 | 862593 | 208625932 | 密集书库-海洋学院/ [索取号:F275.2/1207] | 在馆 |